|
|
|
|
| LEADER |
00000nab a22000007a 4500 |
| 001 |
vtls009359659 |
| 003 |
SK-MaSNL |
| 005 |
20260303191533.0 |
| 008 |
081111 2008 xo w n| | |00 0 slo| |
| 038 |
|
|
|a NZKAB
|
| 040 |
|
|
|a NZKAB
|b slo
|c NZKAB
|e AACR2
|
| 041 |
0 |
|
|a slo
|
| 044 |
|
|
|a xo
|c SK
|
| 080 |
|
|
|a 343
|2 1997
|
| 245 |
0 |
0 |
|a Začne sa proces s onkológom, obvinený je z podvodu
|c [autor] (MH)
|
| 300 |
|
|
|b Fotogr.
|
| 610 |
1 |
7 |
|a Slovensko.
|b Okresný súd Komárno
|2 nzkab
|9 168485
|
| 648 |
|
7 |
|a 4.12.2008
|2 nzkab
|9 650250
|
| 650 |
0 |
7 |
|a klinický onkológ
|z Nové Zámky
|2 nzkab
|9 1221027
|
| 650 |
0 |
7 |
|a súdne vyšetrovanie prípadu
|2 nzkab
|9 117978
|
| 651 |
|
7 |
|a Nové Zámky (Slovensko)
|2 nzkab
|9 15884
|
| 651 |
|
7 |
|a Komárno (Slovensko)
|2 nzkab
|9 39168
|
| 773 |
0 |
|
|t Nitrianske noviny : naše novosti
|g Roč. 48/16, č. 45 (2008), s. 2
|x 1335-8375
|
| 852 |
|
|
|a NZKAB
|b KIS3GCP
|
| 958 |
|
|
|a RB
|
| 958 |
|
|
|a ME
|
| 999 |
|
|
|c 2141721
|d 2143651
|